Микробиологическое производство. 1989, Вып.3: Крупномасштабное получение моноклональных антител (Запись № 2700627)

Подробности
000 -МАРКЕР
контрольное поле 01377nam2a22002651 4500
001 - ИДЕНТИФИКАТОР ЗАПИСИ
контрольное поле RU\NLR\INFOCOMM31\1000050816
005 - ИДЕНТИФИКАТОР ВЕРСИИ
контрольное поле 20040428095008.0
035 ## - ДРУГИЕ СИСТЕМНЫЕ НОМЕРА
Идентификатор записи (NLR Aleph) 002513560
100 ## - ДАННЫЕ ОБЩЕЙ ОБРАБОТКИ
Данные общей обработки 20040428d1989 |||y0rusy50 ca
101 0# - ЯЗЫК РЕСУРСА
Язык текста, звукозаписи и т.д. русский
102 ## - СТРАНА ПУБЛИКАЦИИ ИЛИ ПРОИЗВОДСТВА
Страна публикации Российская Федерация
105 ## - ПОЛЕ КОДИРОВАННЫХ ДАННЫХ: ТЕКСТОВЫЕ МАТЕРИАЛЫ, МОНОГРАФИЧЕСКИЕ
Кодированные данные о монографическом текстовом документе y |||||||||
200 1# - ЗАГЛАВИЕ И СВЕДЕНИЯ ОБ ОТВЕТСТВЕННОСТИ
Основное заглавие Крупномасштабное получение моноклональных антител
Первые сведения об ответственности Г.Ф. Лапина и др.
210 ## - ПУБЛИКАЦИЯ, РАСПРОСТРАНЕНИЕ И ДР.
Дата издания, распространения и т.д. 1989
309 ## - ПРИМЕЧАНИЯ ОБ ОСНОВНОМ ИСТОЧНИКЕ ИНФОРМАЦИИ И ОБ ОСОБЕННОСТЯХ ПОЛИГРАФИЧЕСКОГО ОФОРМЛЕНИЯ ИЗДАНИЯ
Текст примечания На обл. год изд.: 1990
461 #0 - УРОВЕНЬ НАБОРА
Встроенное поле 001RU\NLR\INFOCOMM31\1000050806
-- 2001#$aМикробиологическое производство$eОбзор. информ.$fМ-во мед. пром-сти СССР. Науч.-произв. об-ние "Медбиоэкономика". ВНИИсистем упр., экон. исслед. и НТИ$v1989, Вып.3
Системный номер (АБИС) связанной записи 2700540
Место публикации М.
Дата публикации 1987-
Первые сведения об ответственности М-во мед. пром-сти СССР. Науч.-произв. об-ние "Медбиоэкономика". ВНИИсистем упр., экон. исслед. и НТИ
Сведения, относящиеся к заглавию Обзор. информ.
Заглавие Микробиологическое производство
Номер тома 1989, Вып.3
700 #1 - ИМЯ ЛИЦА - ПЕРВИЧНАЯ ОТВЕТСТВЕННОСТЬ
Начальный элемент ввода Лапина
Часть имени, кроме начального элемента ввода Г. Ф.
Код отношения Автор
801 #0 - ИСТОЧНИК ЗАПИСИ
Страна Российская Федерация
Организация NLR
Правила каталогизации PSBO
801 #1 - ИСТОЧНИК ЗАПИСИ
Страна Российская Федерация
Организация InfoComm
Дата составления 20040428
852 ## - МЕСТОНАХОЖДЕНИЕ И ШИФР ХРАНЕНИЯ
Идентификатор организации NLR
Шифр хранения (Call Number) П10/6420
942 ## - ДОПОЛНИТЕЛЬНЫЕ ЭЛЕМЕНТЫ ЗАПИСИ (АБИС)
Тип экземпляра АБИС Выпуск
980 ## - КОЛЛЕКЦИЯ
Название коллекции Национальная библиография
980 ## - КОЛЛЕКЦИЯ
Название коллекции Русская периодика

Нет доступных экземпляров.